| 000 | 00832nam a22002417a 4500 | ||
|---|---|---|---|
| 005 | 19970904051429.3 | ||
| 008 | 970904m19271929ii a 001 0aeng | ||
| 010 | _aENG-95795 | ||
| 020 |
_a8126026278 _c150.00 |
||
| 020 |
_a9788126026272 _c150.00 |
||
| 035 | _aEN-79328 | ||
| 037 | _bDBAD/PUB | ||
| 040 | _aDPL | ||
| 082 | _aS | ||
| 245 |
_aFrom my front porch : _ccompiled and translated by Malathi Nidadavolu _ban anthology of Telugu stories |
||
| 260 |
_aNew Delhi _bSahitya Akademi _c2009 |
||
| 270 |
_bNew Delhi _e110006 _a35, Rabindra Bhavan |
||
| 300 |
_a313p. _c22 cm.(Pbk) |
||
| 700 | _aNidadavolu, Malathi | ||
| 942 |
_2ddc _cEN _mFRO _hS |
||
| 999 |
_c33545 _d33545 |
||